Statistics for Tanzanian Superlatives

Click here to take the quiz!

General Stats

  • This quiz has been taken 29 times
  • The average score is 6 of 12

Answer Stats

Hint Data Answer % Correct
(African Record) Biggest Lake68,870 km²Lake Victoria
100%
(African Record) Highest Mountain5,895 mKibo (Kilimanjaro)
96%
Biggest Neighbour2,344,858 km²Democratic Republic of the congo
87%
Smallest Neighbour26,338 km²Rwanda
83%
(African Record) Deepest Lake1,470 mLake Tanganyika
70%
Biggest National Park until 200814,750 km²Serengeti National Park
61%
Smallest Region1,393 km²Dar es Salaam
35%
Biggest National Park20,226 km²Ruaha National Park
35%
Biggest Region76,150 km²Tabora
17%
Longest Riverca. 760 kmRuvuma River
13%
Tallest Building152.80 mPSPF Commercial Towers
9%
Least Populated Region564,604 InhabitantsKatavi
4%

Score Distribution

Percentile by Number Answered

Percent of People with Each Score

Your Score History

You have not taken this quiz